Random City to Country - Statistics

General Stats
  • This quiz has been taken 4,165 times
  • The average score is 16 of 20
Answer Stats
City Country % Correct
Brisbane Australia
100%
Brussels Belgium
100%
Brasilia Brazil
100%
Sofia Bulgaria
100%
Ottawa Canada
100%
Toronto Canada
100%
Shanghai China
100%
Cairo Egypt
100%
Giza Egypt
100%
Frankfurt Germany
100%
Berlin Germany
100%
Guatemala City Guatemala
100%
Gaza Israel (Palestine)
100%
Panama City Panama
100%
Lisbon Portugal
100%
Cape Town South Africa
100%
Barcelona Spain
100%
Stockholm Sweden
100%
Damascus Syria
100%
Bangkok Thailand
100%
Dubai United Arab Emirates
100%
Liverpool United Kingdom
100%
Seattle United States
100%
Las Vegas United States
100%
Austin United States
100%
Nashville United States
100%
Richmond United States
100%
Boston United States
100%
Delhi India
98%
Andorra la Vella Andorra
97%
Rio de Janeiro Brazil
97%
Paris France
97%
Athens Greece
97%
Venice Italy
97%
Florence Italy
97%
Osaka Japan
97%
Hiroshima Japan
97%
Nagasaki Japan
97%
Kuwait City Kuwait
97%
Mexico City Mexico
97%
Auckland New Zealand
97%
Pyongyang North Korea
97%
Lima Peru
97%
Porto Portugal
97%
Seoul South Korea
97%
Madrid Spain
97%
Tunis Tunisia
97%
Ankara Turkey
97%
Istanbul Turkey
97%
London United Kingdom
97%
Portland United States
97%
Phoenix United States
97%
Houston United States
97%
Jacksonville United States
97%
Oklahoma City United States
97%
Algiers Algeria
96%
Sydney Australia
96%
Dhaka Bangladesh
96%
Shenyang China
96%
Addis Ababa Ethiopia
96%
Hamburg Germany
96%
Tel Aviv Israel
96%
Jerusalem Israel
96%
Rome Italy
96%
Bucharest Romania
96%
Moscow Russia
96%
Riyadh Saudi Arabia
96%
Edinburgh United Kingdom
96%
Oxford United Kingdom
96%
Cambridge United Kingdom
96%
Miami United States
96%
Washington D.C. United States
96%
Philadelphia United States
96%
New York United States
96%
Milwaukee United States
96%
Melbourne Australia
95%
Vancouver Canada
95%
Casablanca Morocco
95%
Oslo Norway
95%
Krakow Poland
95%
Saint Petersburg Russia
95%
Abu Dhabi United Arab Emirates
95%
Los Angeles United States
95%
San Francisco United States
95%
Kansas City United States
95%
La Paz Bolivia
94%
Xiamen China
94%
Hong Kong China
94%
Helsinki Finland
94%
Munich Germany
94%
Milan Italy
94%
Tokyo Japan
94%
Kyoto Japan
94%
Ulaanbaatar Mongolia
94%
Amsterdam Netherlands
94%
Bern Switzerland
94%
Kiev Ukraine
94%
Manchester United Kingdom
94%
Glasgow United Kingdom
94%
Salt Lake City United States
94%
Orlando United States
94%
Atlanta United States
94%
Chicago United States
94%
Yerevan Armenia
93%
Vienna Austria
93%
Bandar Seri Begawan Brunei
93%
Halifax Canada
93%
Marseille France
93%
Naples Italy
93%
Sapporo Japan
93%
Warsaw Poland
93%
Dakar Senegal
93%
Johannesburg South Africa
93%
Phuket Thailand
93%
Leeds United Kingdom
93%
Newcastle United Kingdom/Australia
93%
Detroit United States
93%
Hanoi Vietnam
93%
Montreal Canada
92%
Budapest Hungary
92%
Tehran Iran
92%
Galway Ireland
92%
Tripoli Libya
92%
Rabat Morocco
92%
Lagos Nigeria
92%
Zurich Switzerland
92%
San Diego United States
92%
Dallas United States
92%
San Antonio United States
92%
Honolulu United States
92%
Buffalo United States
92%
Sana'a Yemen
92%
Antwerp Belgium
91%
Beijing China
91%
Medellin Colombia
91%
Copenhagen Denmark
91%
Mumbai India
91%
Jakarta Indonesia
91%
Skopje North Macedonia
91%
Ljubljana Slovenia
91%
Sacramento United States
91%
New Orleans United States
91%
Charlotte United States
91%
Louisville United States
91%
Buenos Aires Argentina
90%
Perth Australia
90%
Canberra Australia
90%
Baku Azerbaijan
90%
Wuhan China
90%
Chengdu China
90%
Alexandria Egypt
90%
Dublin Ireland
90%
Bishkek Kyrgyzstan
90%
Atlantic City United States
90%
Cincinnati United States
90%
Pittsburgh United States
90%
Tirana Albania
89%
Xi'an China
89%
Macao China
89%
Bogota Colombia
89%
Santo Domingo Dominican Republic
89%
Kuala Lumpur Malaysia
89%
Khartoum Sudan
89%
Cleveland United States
89%
Minneapolis United States
89%
Adelaide Australia
88%
Prague Czechia
88%
Port-au-Prince Haiti
88%
Jaipur India
88%
Baghdad Iraq
88%
Kingston Jamaica
88%
Nairobi Kenya
88%
Beirut Lebanon
88%
Pretoria South Africa
88%
Nottingham United Kingdom
88%
Birmingham United Kingdom/United States
88%
Memphis United States
88%
Caracas Venezuela
88%
Phnom Penh Cambodia
87%
Kinshasa D.R. Congo
87%
Nice France
87%
Reykjavik Iceland
87%
Riga Latvia
87%
Bratislava Slovakia
87%
San Juan United States (Puerto Rico)
87%
Gold Coast Australia
86%
Sarajevo Bosnia and Herzegovina
86%
Edmonton Canada
86%
Santiago Chile
86%
Qingdao China
86%
Kunming China
86%
Changsha China
86%
Zhengzhou China
86%
Cologne Germany
86%
Bangalore India
86%
Okayama Japan
86%
Valetta Malta
86%
Kathmandu Nepal
86%
Abuja Nigeria
86%
Mecca Saudi Arabia
86%
Gothenburg Sweden
86%
Belfast United Kingdom
86%
Jackson United States
86%
Raleigh United States
86%
Minsk Belarus
85%
Calgary Canada
85%
Winnipeg Canada
85%
Chongqing China
85%
Havana Cuba
85%
Lyon France
85%
Cork Ireland
85%
Rotterdam Netherlands
85%
Islamabad Pakistan
85%
Tampa United States
85%
Ho Chi Minh City Vietnam
85%
Salzburg Austria
84%
Ghent Belgium
84%
Thimphu Bhutan
84%
Stuttgart Germany
84%
Wellington New Zealand
84%
Manila Philippines
84%
Gdansk Poland
84%
Seville Spain
84%
Taipei Taiwan
84%
Baton Rouge United States
84%
Kabul Afghanistan
83%
Bruges Belgium
83%
Saskatoon Canada
83%
San Jose Costa Rica/United States
83%
Dusseldorf Germany
83%
Bissau Guinea Bissau
83%
Palermo Italy
83%
Vilnius Lithuania
83%
Bamako Mali
83%
Muscat Oman
83%
Novosibirsk Russia
83%
Lviv Ukraine
83%
Denver United States
83%
Tashkent Uzbekistan
83%
Sucre Bolivia
82%
Sao Paulo Brazil
82%
Tianjin China
82%
Nicosia Cyprus
82%
San Salvador El Salvador
82%
Hanover Germany
82%
Amman Jordan
82%
Vientiane Laos
82%
Marrakesh Morocco
82%
Volgograd Russia
82%
Cardiff United Kingdom
82%
Luxor Egypt
81%
Tallinn Estonia
81%
Busan South Korea
81%
El Paso United States
81%
Karachi Pakistan
80%
Bilbao Spain
80%
Colombo Sri Lanka
80%
Port of Spain Trinidad and Tobago
80%
Sunshine Coast Australia
79%
Suez Egypt
79%
Lille France
79%
Tbilisi Georgia
79%
Turin Italy
79%
The Hague Netherlands
79%
Managua Nicaragua
79%
Medina Saudi Arabia
79%
Sri Jayewardenepura Kotte Sri Lanka
79%
Cheyenne United States
79%
Hobart Australia
78%
Hangzhou China
78%
Zagreb Croatia
78%
Guadalajara Mexico
78%
Benin City Nigeria
78%
Omsk Russia
78%
Dar es Salaam Tanzania
78%
Kharkiv Ukraine
78%
Saint Louis United States
78%
N'djamena Chad
77%
Thessaloniki Greece
77%
Agra India
77%
Vaduz Liechtenstein
77%
Aleppo Syria
77%
Dushanbe Tajikistan
77%
Columbus United States
77%
Luanda Angola
76%
Cordoba Argentina
76%
Chennai India
76%
Yekaterinburg Russia
76%
Anchorage United States
76%
Cannes France
75%
Accra Ghana
75%
Tegucigalpa Honduras
75%
Hyderabad India/Pakistan
75%
Nagoya Japan
75%
Dodoma Tanzania
75%
Odessa Ukraine
75%
Greensboro United States
75%
Darwin Australia
74%
Toulouse France
74%
Kolkata India
74%
Yamoussoukro Ivory Coast
74%
Kobe Japan
74%
Puebla Mexico
74%
Nizhny Novgorod Russia
74%
Belgrade Serbia
74%
Ashgabat Turkmenistan
74%
Alice Springs Australia
73%
Dresden Germany
73%
Georgetown Guyana
73%
Isfahan Iran
73%
Podgorica Montenegro
73%
Faisalabad Pakistan
73%
Mogadishu Somalia
73%
Ouagadougou Burkina Faso
72%
Thunder Bay Canada
72%
Cali Colombia
72%
Essen Germany
72%
Antananarivo Madagascar
72%
Yaoundé Cameroon
71%
Nagpur India
71%
Monterrey Mexico
71%
Lahore Pakistan
71%
Kampala Uganda
71%
Lusaka Zambia
71%
Brazzaville Congo
70%
Quito Ecuador
70%
Bloemfontein South Africa
70%
Harare Zimbabwe
70%
Almaty Kazakhstan
69%
Christchurch New Zealand
69%
Belo Horizonte Brazil
68%
Limerick Ireland
68%
Monrovia Liberia
68%
Chisinau Moldova
68%
Windhoek Namibia
68%
Izmir Turkey
68%
Tijuana Mexico
67%
Paramaribo Suriname
67%
Suva Fiji
66%
Nur-Sultan Kazakhstan
66%
Kazan Russia
66%
Apia Samoa
66%
Jeddah Saudi Arabia
66%
Durban South Africa
66%
Pune India
65%
Bhopal India
65%
Basra Iraq
65%
Lilongwe Malawi
65%
Freetown Sierra Leone
65%
Shantou China
64%
Dili East Timor
64%
Taichung Taiwan
64%
Porto-Novo Benin
63%
Urumqi China
63%
Bielefeld Germany
63%
Lucknow India
63%
Yangon Myanmar
63%
Quezon City Philippines
63%
Kigali Rwanda
63%
Lomé Togo
63%
Port Moresby Papua New Guinea
62%
Rosario Argentina
61%
Gaborone Botswana
61%
Curitiba Brazil
61%
Belem Brazil
61%
Niamey Niger
61%
Wollongong Australia
60%
Cairns Australia
60%
Toluca Mexico
60%
Rockhampton Australia
59%
Bridgetown Barbados
59%
Libreville Gabon
59%
Conakry Guinea
59%
Ahmedabad India
59%
Denpasar Indonesia
59%
Surabaya Indonesia
59%
Bandung Indonesia
59%
Kaohsiung Taiwan
59%
Maracaibo Venezuela
59%
Porto Alegre Brazil
58%
Mombasa Kenya
58%
Yaren Nauru
58%
Mississauga Canada
57%
Katowice Poland
57%
Manaus Brazil
56%
Regina Canada
56%
Dammam Saudi Arabia
56%
Port Elizabeth South Africa
56%
Chattogram Bangladesh
55%
Cotonou Benin
55%
Semarang Indonesia
54%
Naypyidaw Myanmar
54%
Bursa Turkey
54%
Aden Yemen
54%
Toowoomba Australia
53%
Fortaleza Brazil
53%
Salvador Brazil
53%
Aarhus Denmark
53%
Asmara Eritrea
53%
Campinas Brazil
52%
Guayaquil Ecuador
52%
Mashhad Iran
52%
Qom Iran
52%
Montego Bay Jamaica
52%
Cebu Philippines
52%
Funafuti Tuvalu
52%
Charlottetown Canada
51%
Kano Nigeria
51%
Merida Mexico
50%
Maputo Mozambique
50%
Rawalpindi Pakistan
49%
Townsville Australia
48%
Harbin China
48%
Launceston Australia
46%
Port Louis Mauritius
46%
Florianopolis Brazil
45%
Recife Brazil
45%
Malacca Malaysia
45%
Cartagena Colombia
43%
Medan Indonesia
43%
Lhasa China
42%
Mandalay Myanmar
42%
Abidjan Ivory Coast
41%
Noumea France (New Caledonia)
40%
Davao Philippines
40%
Natal Brazil
39%
Port Said Egypt
39%
Ibadan Nigeria
39%
Gaziantep Turkey
39%
Douala Cameroon
38%
Lubumbashi D.R. Congo
38%
Surat India
38%
Erbil Iraq
38%
Honiara Solomon Islands
38%
Port Harcourt Nigeria
37%
Tabriz Iran
36%
Hefei China
35%
Mersin Turkey
35%
Valparaiso Chile
33%
Angeles Philippines
33%
San Pedro Sula Honduras
32%
Samara Russia
32%
Ballarat Australia
31%
Tobruk Libya
26%
Geelong Australia
25%
Kumasi Ghana
24%
Dunedin New Zealand
22%
Bendigo Australia
20%
Bundaberg Australia
18%
Francistown Botswana
16%
Livingstone Zambia
8%
No matching quizzes found
Score Distribution
Percent of People with Each Score
Percentile by Number Answered
Your Score History
You have not taken this quiz